Tous les Français de Liga Espagnole 2024/2025 - Statistiques

Statistiques générales
  • Ce quiz a été pris 82 fois
  • Le résultat moyen est 9 sur 20
Statistiques - réponses
Club Joueur % Correct
Eduardo Camavinga
100%
Aurélien Tchouaméni
97%
Real Madrid Ferland Mendy
97%
Antoine Griezmann
94%
Kylian Mbappé
94%
FC Barcelone Jules Koundé
88%
Nabil Fékir
85%
Thomas Lemar
73%
Atlético Madrid Clément Lenglet
54%
Séville FC Loïc Badé
40%
Valence CF Dimitri Foulquier
18%
Rayo Vallecano Florian Lejeune
18%
Tanguy Nianzou
15%
Real Bétis Romain Perraud
13%
Thierno Barry
12%
UD Las Palmas Enzo Loiodice
10%
Villarreal CF Willy Kambwala
9%
Espanyol Barcelone Irvin Cardona
7%
Lucien Agoumé
6%
CD Leganés Valentin Rosier
4%
Aucun quiz correspondant
Distribution des résultats
% des personnes avec chaque résultat
Percentile par nombre de réponses
Votre historique - résultats
Vous n’avez pas pris ce quiz